[Event "XXXIII Festival A"]
[Site "Arco ITA"]
[Date "2011.10.22"]
[Round "1"]
[White "Virzi, Ettore"]
[Black "Russo, Carmelo"]
[Result "1-0"]
[WhiteElo "1951"]
[BlackElo "1711"]
[PlyCount "118"]
[EventDate "2011.10.22"]

1. e4 c6 2. d4 d5 3. exd5 cxd5 4. c4 dxc4 5. Bxc4 Nc6 6. Nf3 e6 7. O-O Nf6 8.
Nc3 Be7 9. Re1 O-O 10. a3 a6 11. Be3 b5 12. Ba2 Bb7 13. Rc1 b4 14. axb4 Nxb4
15. Bb1 Rc8 16. Ne5 Nbd5 17. Qf3 Ba8 18. Qh3 Nxc3 19. bxc3 Be4 20. Ba2 Bf5 21.
g4 Bg6 22. Bg5 Ba3 23. Rcd1 Bb2 24. Nxg6 hxg6 25. Re3 Qa5 26. Bxf6 Qxa2 27. Bg5
Qa5 28. Be7 Rfe8 29. Bc5 Qa4 30. Rde1 Qc4 31. Qh4 a5 32. g5 Rxc5 33. Rh3 Kf8
34. dxc5 Qxh4 35. Rxh4 Bxc3 36. Rh8+ Ke7 37. Rxe8+ Kxe8 38. Re2 Kd7 39. Rc2 Bb4
40. c6+ Kc7 41. Kf1 f6 42. Ke2 Bd6 43. h3 Kb6 44. Kd3 a4 45. Rc4 a3 46. Kc2 Kc7
47. Kb3 f5 48. f4 Be7 49. Rc2 Bd6 50. Rc4 Be7 51. h4 Bd6 52. Ka2 Be7 53. Rc2
Bd6 54. Re2 e5 55. fxe5 Be7 56. Rc2 f4 57. Kb3 f3 58. Ka4 Bd8 59. Kxa3 Kb6 1-0

[Event "XXXIII Festival A"]
[Site "Arco ITA"]
[Date "2011.10.22"]
[Round "1"]
[White "Webel, Jannik"]
[Black "Chiarion, Elisa"]
[Result "1/2-1/2"]
[WhiteElo "1776"]
[BlackElo "2012"]
[PlyCount "69"]
[EventDate "2011.10.22"]

1. d4 d5 2. c4 e6 3. Nc3 c6 4. cxd5 exd5 5. Bf4 Nf6 6. Nf3 Bf5 7. e3 Nbd7 8. h3
Qb6 9. Qb3 Qxb3 10. axb3 Bc2 11. Nd2 Bb4 12. Rc1 Bg6 13. Be2 Ne4 14. Ndxe4 dxe4
15. O-O O-O 16. d5 Bxc3 17. dxc6 Bxb2 18. cxb7 Rad8 19. Rc2 Be5 20. Bxe5 Nxe5
21. Ba6 Rd6 22. Rc8 Rb6 23. Rfc1 Nd7 24. Ra8 Rxa6 25. Rcc8 Rb6 26. Rxf8+ Nxf8
27. b8=Q Rxb8 28. Rxb8 f6 29. Ra8 Bf7 30. b4 Bc4 31. Rxa7 Ne6 32. Rb7 Kf8 33.
b5 Ke8 34. b6 Bd5 35. Ra7 1/2-1/2

[Event "XXXIII Festival A"]
[Site "Arco ITA"]
[Date "2011.10.22"]
[Round "1"]
[White "Zucchelli, Massimo"]
[Black "Giaracuni, Claudio"]
[Result "1-0"]
[WhiteElo "2149"]
[BlackElo "1830"]
[PlyCount "111"]
[EventDate "2011.10.22"]

1. d4 d5 2. c4 c6 3. e3 Nf6 4. Nf3 Bf5 5. Nbd2 e6 6. Nh4 Bg4 7. Qb3 Qb6 8. h3
Bh5 9. g4 Bg6 10. Nxg6 hxg6 11. Bg2 Be7 12. c5 Qxb3 13. Nxb3 b6 14. cxb6 axb6
15. f3 c5 16. Bd2 Nc6 17. dxc5 bxc5 18. Ke2 c4 19. Nd4 Nxd4+ 20. exd4 Bd6 21.
Bc3 O-O 22. b3 cxb3 23. axb3 Rfb8 24. Rxa8 Rxa8 25. Ra1 Rxa1 26. Bxa1 Bb4 27.
Kd3 Kf8 28. Bf1 Ke7 29. Bb2 Kd6 30. Ke3 Kc6 31. Bd3 Nd7 32. f4 f5 33. g5 Nf8
34. Be2 Kb6 35. h4 Kc6 36. Kd3 Kb6 37. Kc2 Ka5 38. Kd1 Kb6 39. Bd3 Ka5 40. Be2
Kb6 41. Kc2 Bd6 42. Bc1 Ka5 43. Bd2+ Kb6 44. b4 Bc7 45. Kb3 Bd6 46. Ka4 Nd7 47.
Bb5 Nf8 48. Be8 Bc7 49. b5 Ka7 50. Bb4 Bb6 51. Bxf8 Bxd4 52. Bxg6 Bf2 53. h5 d4
54. Bxg7 d3 55. h6 d2 56. Bh5 1-0

[Event "XXXIII Festival A"]
[Site "Arco ITA"]
[Date "2011.10.23"]
[Round "2"]
[White "Alagia, Pietro"]
[Black "Marshall, Michael"]
[Result "0-1"]
[WhiteElo "1763"]
[BlackElo "1894"]
[PlyCount "88"]
[EventDate "2011.10.22"]

1. d4 Nf6 2. c4 e6 3. Nc3 Bb4 4. Bd2 d5 5. c5 O-O 6. a3 Bxc3 7. Bxc3 Ne4 8. Rc1
c6 9. g3 Nd7 10. Bg2 Nxc3 11. Rxc3 e5 12. dxe5 Nxe5 13. Nf3 Nxf3+ 14. Rxf3 Bg4
15. Re3 Qf6 16. h3 Bh5 17. b4 Rfe8 18. O-O Rxe3 19. fxe3 Qe5 20. e4 dxe4 21. g4
Bg6 22. h4 h5 23. e3 Re8 24. g5 Qe7 25. Bh3 Rd8 26. Qe2 Qe5 27. Kg2 Rd3 28. Bc8
b6 29. cxb6 axb6 30. a4 Qc3 31. Rd1 Rxd1 32. Qxd1 Qxe3 33. a5 bxa5 34. bxa5 Qa3
35. a6 e3 36. Qe2 Be4+ 37. Kg1 Qa1+ 38. Qf1 Qd4 39. Qe2 Qa1+ 40. Qf1 Qd4 41.
Qe2 Bd3 42. a7 Qxa7 43. Qxd3 e2+ 44. Kg2 e1=N+ 0-1

[Event "XXXIII Festival A"]
[Site "Arco ITA"]
[Date "2011.10.23"]
[Round "2"]
[White "Antoniacci, Riccardo"]
[Black "Knors, Rudi"]
[Result "0-1"]
[WhiteElo "1913"]
[BlackElo "2125"]
[PlyCount "94"]
[EventDate "2011.10.22"]

1. d4 d5 2. c4 c6 3. Nf3 Nf6 4. Nc3 dxc4 5. g3 e6 6. Bg2 Be7 7. Ne5 O-O 8. Nxc4
Nbd7 9. Bg5 Nb6 10. Ne3 Nfd5 11. Bxe7 Qxe7 12. Nc2 Nc4 13. Nxd5 exd5 14. b3 Nd6
15. O-O Bf5 16. e3 Qf6 17. Ne1 Qg6 18. Nf3 Qh6 19. Ne5 f6 20. Nd3 Rfe8 21. Rc1
Re7 22. a4 a5 23. Nf4 g5 24. Ne2 Bh3 25. Nc3 Bxg2 26. Kxg2 Qg6 27. Qc2 f5 28.
Rh1 Ne4 29. h4 Nxc3 30. Qxc3 f4 31. exf4 gxf4 32. Qf3 fxg3 33. Qxg3 Re4 34.
Qxg6+ hxg6 35. Rcd1 Rf8 36. Kg3 Ref4 37. h5 Rf3+ 38. Kg4 Kg7 39. h6+ Kh7 40.
Rde1 Rxf2 41. Re7+ R8f7 42. Rhe1 Kxh6 43. Re8 R2f4+ 44. Kg3 Rxd4 45. Rh1+ Kg5
46. Re5+ Rf5 47. Re3 Rg4+ 0-1

[Event "XXXIII Festival A"]
[Site "Arco ITA"]
[Date "2011.10.23"]
[Round "2"]
[White "Bergen, Klaus"]
[Black "Mastroddi, Giuseppe"]
[Result "1/2-1/2"]
[WhiteElo "1954"]
[BlackElo "1710"]
[PlyCount "42"]
[EventDate "2011.10.22"]

1. e4 c5 2. Nf3 d6 3. d4 cxd4 4. Nxd4 Nf6 5. Nc3 g6 6. Bc4 Bg7 7. f3 O-O 8. Be3
Nc6 9. Qd2 Bd7 10. O-O-O Qa5 11. Kb1 Rfc8 12. Bb3 Ne5 13. g4 Nc4 14. Bxc4 Rxc4
15. Nb3 Qa6 16. h4 b5 17. h5 b4 18. Ne2 Rac8 19. Rc1 Be8 20. Ng3 Qb5 21. Bh6
Bh8 1/2-1/2

[Event "XXXIII Festival A"]
[Site "Arco ITA"]
[Date "2011.10.23"]
[Round "2"]
[White "Bevilacqua, Maurizio"]
[Black "Catalfamo, Santo"]
[Result "1-0"]
[WhiteElo "2147"]
[BlackElo "1915"]
[PlyCount "93"]
[EventDate "2011.10.22"]

1. d4 Nf6 2. c4 d6 3. Nc3 g6 4. e4 Bg7 5. f3 O-O 6. Bg5 c6 7. Qd2 e5 8. Nge2
Qc7 9. O-O-O a5 10. Kb1 a4 11. a3 Bd7 12. dxe5 dxe5 13. Nc1 Be6 14. Be2 Nfd7
15. Be7 Re8 16. Bd6 Qa5 17. Qc2 Bf8 18. N1a2 Nc5 19. h4 f6 20. g4 Nb3 21. Bb4
Bxb4 22. axb4 Qc7 23. Nxa4 Nd4 24. Rxd4 exd4 25. Nc5 Bf7 26. Nc1 b6 27. N5b3
Qa7 28. Qd2 c5 29. b5 Nd7 30. f4 Qa4 31. Qd3 Re7 32. Rh3 Nf8 33. Rf3 Qa7 34.
Nd2 Qb8 35. Bf1 Ra4 36. b3 Rea7 37. bxa4 Rxa4 38. Ndb3 Bxc4 39. Qxc4+ Rxc4 40.
Bxc4+ Kg7 41. Bd5 Qd6 42. Nd2 Qd7 43. Nc4 Qxb5+ 44. Rb3 Qxb3+ 45. Nxb3 b5 46.
Nd6 d3 47. Nxc5 1-0

[Event "XXXIII Festival A"]
[Site "Arco ITA"]
[Date "2011.10.23"]
[Round "2"]
[White "Billio, Atto"]
[Black "Collutiis, Duilio"]
[Result "0-1"]
[WhiteElo "2071"]
[BlackElo "2474"]
[PlyCount "54"]
[EventDate "2011.10.22"]

1. f4 g6 2. Nf3 Bg7 3. g3 d6 4. Bg2 e5 5. fxe5 dxe5 6. d3 Nc6 7. O-O Nge7 8. c3
O-O 9. Na3 h6 10. e4 Bg4 11. Be3 Qd7 12. Qd2 Kh7 13. b4 a6 14. Nc4 Rad8 15. Nb2
f5 16. Qc2 Rf7 17. a4 Rdf8 18. exf5 gxf5 19. Rae1 Ng6 20. Bc5 Re8 21. h3 Bh5
22. Qb3 b6 23. g4 bxc5 24. gxh5 Nf4 25. Ng5+ hxg5 26. Bxc6 Qxc6 27. Rxf4 exf4
0-1

[Event "XXXIII Festival A"]
[Site "Arco ITA"]
[Date "2011.10.23"]
[Round "2"]
[White "Bondielli, Giorgio"]
[Black "Pretto, Aldo"]
[Result "1/2-1/2"]
[WhiteElo "1885"]
[BlackElo "1732"]
[PlyCount "73"]
[EventDate "2011.10.22"]

1. e4 e5 2. Nf3 d6 3. d4 exd4 4. Nxd4 Nf6 5. Nc3 Be7 6. Be2 O-O 7. O-O Re8 8.
Bf3 c6 9. Bf4 Nbd7 10. Nf5 Ne5 11. Nxe7+ Qxe7 12. Bxe5 dxe5 13. Qe2 Be6 14.
Rfd1 Rad8 15. Rxd8 Rxd8 16. Rd1 h6 17. a3 Nh7 18. Bg4 Rxd1+ 19. Qxd1 Bxg4 20.
Qxg4 Qd8 21. Qd1 Qd4 22. Qxd4 exd4 23. Nb1 Ng5 24. Nd2 b6 25. Kf1 Ne6 26. g3 g5
27. Ke2 Kg7 28. Nc4 c5 29. Nd6 a6 30. Kd3 Kf6 31. f3 b5 32. b3 h5 33. e5+ Kxe5
34. Nxf7+ Kf6 35. Nd6 Ke5 36. Nf7+ Kf6 37. Nd6 1/2-1/2

[Event "XXXIII Festival A"]
[Site "Arco ITA"]
[Date "2011.10.23"]
[Round "2"]
[White "Bottesi, Gianluca"]
[Black "Rivara, Massimo"]
[Result "0-1"]
[WhiteElo "1674"]
[BlackElo "1834"]
[PlyCount "80"]
[EventDate "2011.10.22"]

1. c4 c5 2. g3 g6 3. Bg2 Bg7 4. Nc3 Nc6 5. e3 d6 6. a3 a6 7. Nge2 Be6 8. b3 Qc8
9. Nf4 Nf6 10. Bb2 O-O 11. d4 cxd4 12. exd4 Bg4 13. Nfe2 e5 14. d5 Nd4 15. O-O
e4 16. Qxd4 Re8 17. f3 exf3 18. Bxf3 Ne4 19. Qd3 Nc5 20. Qd1 Bf5 21. Nf4 Re3
22. Qd2 Nxb3 23. Qxe3 Bd4 24. Qxd4 Nxd4 25. Na4 Nxf3+ 26. Rxf3 Qxc4 27. Nc3 Re8
28. Nh5 Qd4+ 29. Kg2 Be4 30. Nf6+ Qxf6 31. Raf1 Bxf3+ 32. Rxf3 Qd4 33. Bc1 Re1
34. Bh6 Rg1+ 35. Kh3 f5 36. Bf4 g5 37. Ne2 g4+ 38. Kh4 Qf6+ 39. Bg5 Qxg5+ 40.
Kxg5 gxf3 0-1

[Event "XXXIII Festival A"]
[Site "Arco ITA"]
[Date "2011.10.23"]
[Round "2"]
[White "Buglisi, Massimo"]
[Black "Galas, Franco"]
[Result "1/2-1/2"]
[WhiteElo "1887"]
[BlackElo "1749"]
[PlyCount "52"]
[EventDate "2011.10.22"]

1. d4 Nf6 2. c4 d6 3. Nc3 g6 4. e4 Bg7 5. f3 O-O 6. Be3 Nbd7 7. Nh3 b6 8. Be2
e5 9. d5 Kh8 10. Qd2 Ng8 11. Nf2 f5 12. Nd3 f4 13. Bf2 Nc5 14. O-O-O Bd7 15. g3
Nxd3+ 16. Qxd3 Bh6 17. Kb1 Rb8 18. gxf4 Bxf4 19. h4 Nf6 20. h5 Nxh5 21. Bh4 Qe8
22. Nb5 Rb7 23. Rdg1 a6 24. Nc3 b5 25. cxb5 axb5 26. Nd1 b4 1/2-1/2

[Event "XXXIII Festival A"]
[Site "Arco ITA"]
[Date "2011.10.23"]
[Round "2"]
[White "Caldara, Sisto"]
[Black "Basso, Pier Luigi"]
[Result "0-1"]
[WhiteElo "1800"]
[BlackElo "2051"]
[PlyCount "78"]
[EventDate "2011.10.22"]

1. d4 d5 2. Nf3 Nf6 3. c4 e6 4. Nc3 Be7 5. cxd5 exd5 6. Bg5 O-O 7. e3 Nbd7 8.
Bd3 b6 9. O-O Bb7 10. Rc1 c5 11. Re1 Ne4 12. Bxe7 Qxe7 13. Qe2 Nxc3 14. Rxc3 c4
15. Bf5 g6 16. Bb1 f5 17. b3 b5 18. bxc4 bxc4 19. Nd2 Rac8 20. f3 Qf6 21. Rec1
Qb6 22. Bc2 Rfe8 23. Qf2 Qb4 24. Bb1 Nb6 25. a3 Qa5 26. e4 Na4 27. Re3 f4 28.
Ree1 Nc3 29. Bc2 Qxa3 30. Ra1 Qb2 31. Rxa7 Qb6 32. Raa1 Nb5 33. Ba4 c3 34. Nb3
dxe4 35. fxe4 Rxe4 36. Rxe4 Bxe4 37. Qe2 Nxd4 38. Nxd4 Qxd4+ 39. Kf1 Bd3 0-1

[Event "XXXIII Festival A"]
[Site "Arco ITA"]
[Date "2011.10.23"]
[Round "2"]
[White "Cavatorta, Ivan"]
[Black "Dalponte, Dino"]
[Result "0-1"]
[WhiteElo "1808"]
[BlackElo "2078"]
[PlyCount "80"]
[EventDate "2011.10.22"]

1. e4 d6 2. d4 c6 3. a4 Nf6 4. Nc3 g6 5. Nf3 Bg7 6. a5 O-O 7. Be2 Bg4 8. Be3
Nbd7 9. O-O h6 10. Qd2 Kh7 11. Rfd1 Qc7 12. h3 Bxf3 13. Bxf3 a6 14. g4 e5 15.
dxe5 dxe5 16. Qd6 Qc8 17. h4 Rd8 18. g5 Ne8 19. Qe7 h5 20. Qxf7 Nf8 21. Bc5
Rxd1+ 22. Rxd1 Ne6 23. Bb6 Nd4 24. Bxd4 exd4 25. Rxd4 Qh3 26. Rd7 Qxh4 27. Qe7
Qf4 28. Kg2 h4 29. Ne2 h3+ 30. Kxh3 Qxf3+ 31. Ng3 Qxf2 32. Qe5 Rd8 33. Re7 Qf8
34. Kg4 Nd6 35. Qe6 Re8 36. Rxe8 Nxe8 37. e5 Nc7 38. Qd7 Nd5 39. e6 Qf4+ 40.
Kh3 Qxg5 0-1

[Event "XXXIII Festival A"]
[Site "Arco ITA"]
[Date "2011.10.23"]
[Round "2"]
[White "Chiarion, Elisa"]
[Black "Sigillo, Carmelo"]
[Result "1-0"]
[WhiteElo "2012"]
[BlackElo "1773"]
[PlyCount "53"]
[EventDate "2011.10.22"]

1. e4 c5 2. Nf3 d6 3. d4 cxd4 4. Nxd4 Nf6 5. Nc3 a6 6. f4 e5 7. Nf3 Qc7 8. a4
Nc6 9. Be2 Be7 10. O-O O-O 11. Qe1 Re8 12. Nd5 Nxd5 13. exd5 Nd4 14. Nxd4 exd4
15. Bd3 Qc5 16. f5 Bd7 17. Qg3 Bf8 18. Bh6 f6 19. Rf4 Re3 20. Qh4 Qxd5 21. Rxd4
Qe5 22. Bxe3 Qxe3+ 23. Kh1 Re8 24. Re4 Rxe4 25. Qxe4 Qb6 26. Bc4+ Kh8 27. Qd5
1-0

[Event "XXXIII Festival A"]
[Site "Arco ITA"]
[Date "2011.10.23"]
[Round "2"]
[White "Ciola, Alberto"]
[Black "Valenti, Giuseppe"]
[Result "0-1"]
[WhiteElo "1915"]
[BlackElo "2136"]
[PlyCount "100"]
[EventDate "2011.10.22"]

1. d4 Nf6 2. c4 e6 3. Nc3 c5 4. d5 exd5 5. cxd5 d6 6. e4 g6 7. Bd3 Bg7 8. Nge2
O-O 9. O-O Re8 10. Rb1 c4 11. Bc2 a6 12. Be3 b5 13. a3 Qc7 14. Bd4 Nbd7 15. Ng3
Nb8 16. Nge2 Nbd7 17. Ng3 Rb8 18. Re1 h5 19. f4 a5 20. b4 cxb3 21. Rxb3 b4 22.
axb4 axb4 23. Na2 Qc4 24. Nf1 Nxd5 25. Bxg7 Kxg7 26. exd5 Rxe1 27. Qxe1 Qxc2
28. Rxb4 Qxa2 29. Rxb8 Nxb8 30. Qc3+ Kh7 31. Qxc8 Qa7+ 32. Kh1 Qf2 33. Qc1 Nd7
34. Ng3 Nf6 35. Qf1 Qxf1+ 36. Nxf1 Nxd5 37. g3 Kg7 38. Kg2 Kf6 39. Kf3 Ke6 40.
h3 Nf6 41. g4 hxg4+ 42. hxg4 Kd5 43. Nd2 Ke6 44. Nc4 d5 45. Ne5 Nd7 46. Nc6 f6
47. Ke3 Kd6 48. Nd4 Nf8 49. Nf3 Ne6 50. Nh4 Nxf4 0-1

[Event "XXXIII Festival A"]
[Site "Arco ITA"]
[Date "2011.10.23"]
[Round "2"]
[White "Coqueraut, Lodewyk"]
[Black "Pegoraro, Nicola"]
[Result "0-1"]
[WhiteElo "1794"]
[BlackElo "2044"]
[PlyCount "92"]
[EventDate "2011.10.22"]

1. d4 f5 2. g3 Nf6 3. Bg2 g6 4. b3 Bg7 5. Bb2 O-O 6. Nd2 d5 7. e3 Nbd7 8. Ne2
Re8 9. Nf3 Ne4 10. Nf4 c6 11. O-O e6 12. Qe2 a5 13. Rfd1 Qe7 14. Ne5 Nxe5 15.
dxe5 Qc7 16. Nd3 b6 17. Bxe4 fxe4 18. Nf4 Bxe5 19. Bxe5 Qxe5 20. c4 Ba6 21.
Rac1 Rad8 22. Qg4 dxc4 23. Rxd8 Rxd8 24. bxc4 Qf5 25. Qe2 e5 26. g4 Qf7 27. Ng2
Qf3 28. Qc2 Qxg4 29. Re1 c5 30. Qb3 Rd6 31. Qa4 Qd7 32. Qc2 Bb7 33. Qb2 Qe6 34.
Qc2 g5 35. Rb1 Qh3 36. Qc3 Qf5 37. Qc2 h5 38. Qa4 Bc6 39. Qc2 Bd7 40. Rd1 Rd3
41. f4 exf4 42. exf4 gxf4 43. Rxd3 exd3 44. Qf2 Bc6 45. Nxf4 Qg4+ 46. Ng2 Qxg2+
0-1

[Event "XXXIII Festival A"]
[Site "Arco ITA"]
[Date "2011.10.23"]
[Round "2"]
[White "Dalla Vecchia, Paolo"]
[Black "Mulone, Gaspare"]
[Result "1-0"]
[WhiteElo "1916"]
[BlackElo "1628"]
[PlyCount "65"]
[EventDate "2011.10.22"]

1. d4 Nf6 2. Nf3 d6 3. Bg5 e6 4. c4 Be7 5. Nc3 a6 6. e4 Nbd7 7. Be2 c5 8. dxc5
Nxc5 9. Qc2 O-O 10. O-O Nd5 11. Bxe7 Nxe7 12. Rfd1 Qc7 13. Rd2 b6 14. Rad1 Nb7
15. b4 e5 16. Nd5 Nxd5 17. cxd5 Qd8 18. Qc6 a5 19. Rb1 Rb8 20. Rc2 axb4 21.
Rxb4 Nc5 22. Nxe5 Nxe4 23. Rxe4 Re8 24. Nxf7 Kxf7 25. Rxe8 Qxe8 26. Qc7+ Bd7
27. Qxd6 Bb5 28. Qe6+ Kf8 29. Bxb5 Qxb5 30. Qd6+ Kf7 31. Rc7+ Kg8 32. Qe6+ Kh8
33. Rc8+ 1-0

[Event "XXXIII Festival A"]
[Site "Arco ITA"]
[Date "2011.10.23"]
[Round "2"]
[White "De Polzer, Manfredi"]
[Black "Sukaylo, Aleksey"]
[Result "0-1"]
[WhiteElo "1706"]
[BlackElo "1884"]
[PlyCount "128"]
[EventDate "2011.10.22"]

1. d4 f5 2. Nf3 Nf6 3. c4 g6 4. Nc3 Bg7 5. e3 O-O 6. Qc2 d6 7. Be2 Qe8 8. O-O
e5 9. d5 Na6 10. a3 Nc5 11. Nd2 a5 12. b3 e4 13. Rb1 Qe7 14. b4 axb4 15. axb4
Ncd7 16. Nb3 Ne5 17. Nd4 Nfg4 18. h3 Nh6 19. f4 exf3 20. Nxf3 Re8 21. Bb2 Neg4
22. hxg4 Qxe3+ 23. Kh1 Bxc3 24. Bxc3 Qxe2 25. Qxe2 Rxe2 26. Rfe1 Raa2 27. Rxe2
Rxe2 28. g5 Ng4 29. Re1 Rxe1+ 30. Bxe1 Ne3 31. Nd2 Nc2 32. Nf3 Nxe1 33. Nxe1 b5
34. cxb5 Bb7 35. Nc2 Bxd5 36. Nd4 Bc4 37. Kg1 h6 38. gxh6 Kh7 39. Kf2 Kxh6 40.
Kg3 Kg5 41. Nf3+ Kf6 42. Nd4 Ke5 43. Nc6+ Ke4 44. Ne7 Bxb5 45. Nxg6 c5 46. bxc5
dxc5 47. Nf4 c4 48. Ne2 Kd3 49. Nf4+ Kd2 50. Nd5 c3 51. Nxc3 Kxc3 52. Kf4 Bd7
53. Ke3 Bc8 54. g3 Bd7 55. Kf3 Kd4 56. Kf4 Bc8 57. Kf3 Ke5 58. Ke3 Kf6 59. Kf3
Kg5 60. g4 fxg4+ 61. Kg2 Kf4 62. Kf2 Bb7 63. Kf1 Kg3 64. Kg1 Bh1 0-1

[Event "XXXIII Festival A"]
[Site "Arco ITA"]
[Date "2011.10.23"]
[Round "2"]
[White "De Santis, Alessio"]
[Black "Nicolodi, Raoul"]
[Result "1/2-1/2"]
[WhiteElo "2307"]
[BlackElo "1983"]
[PlyCount "80"]
[EventDate "2011.10.22"]

1. d4 e6 2. c4 Nf6 3. Nc3 Bb4 4. Qc2 Nc6 5. e3 O-O 6. Bd2 d6 7. a3 Bxc3 8. Bxc3
e5 9. dxe5 Nxe5 10. Nf3 Qe7 11. Be2 Re8 12. h3 Bd7 13. Nxe5 dxe5 14. Bf3 Qe6
15. b3 Bc6 16. Bxc6 Qxc6 17. O-O Ne4 18. Rfd1 f6 19. Rd5 Nxc3 20. Qxc3 Rad8 21.
Rad1 Rxd5 22. Rxd5 Re6 23. e4 Rd6 24. c5 Rxd5 25. exd5 Qxd5 26. Qa5 b6 27. Qxa7
Qxc5 28. b4 Qc1+ 29. Kh2 Qf4+ 30. Kg1 Qc1+ 31. Kh2 Kf7 32. Qa8 Qf4+ 33. Kg1
Qc1+ 34. Kh2 Qc4 35. g3 e4 36. Qd8 Qc2 37. Qd7+ Kg6 38. Qg4+ Kf7 39. Qd7+ Kg6
40. Qg4+ Kf7 1/2-1/2

[Event "XXXIII Festival A"]
[Site "Arco ITA"]
[Date "2011.10.23"]
[Round "2"]
[White "Fusari, Paolo"]
[Black "Bortolotti, Silvano"]
[Result "1/2-1/2"]
[WhiteElo "1897"]
[BlackElo "1771"]
[PlyCount "98"]
[EventDate "2011.10.22"]

1. e4 e5 2. Nf3 Nc6 3. d4 exd4 4. Bc4 Nf6 5. e5 d5 6. Bb5 Ne4 7. Nxd4 Bd7 8.
Bxc6 bxc6 9. O-O Bc5 10. Be3 O-O 11. Nd2 Nxd2 12. Qxd2 Bb6 13. c3 f6 14. exf6
Qxf6 15. a4 a5 16. Rae1 Rae8 17. Nb3 Qg6 18. Kh1 Re4 19. Nc5 Bxc5 20. Bxc5 Rxe1
21. Rxe1 Re8 22. h3 Rxe1+ 23. Qxe1 Qe4 24. Qxe4 dxe4 25. Kg1 Be6 26. b4 axb4
27. cxb4 Bc4 28. Bd4 g6 29. Be5 Bb3 30. a5 Bc4 31. Bxc7 Kf7 32. Bb6 Ke6 33. Kh2
h5 34. h4 Kf5 35. Kg3 Be2 36. Be3 Ke5 37. Bf4+ Kf5 38. f3 exf3 39. gxf3 Ba6 40.
Bg5 Ke5 41. Kf2 Kd4 42. Bf6+ Kc4 43. Be7 Kb5 44. Ke3 Bc8 45. Kd4 Bh3 46. Ke5
Ka6 47. Kd6 Bg2 48. Kxc6 Bxf3+ 49. Kc5 Be2 1/2-1/2

[Event "XXXIII Festival A"]
[Site "Arco ITA"]
[Date "2011.10.23"]
[Round "2"]
[White "Gardi, Giuseppe"]
[Black "Lezzerini, Marco"]
[Result "0-1"]
[WhiteElo "2028"]
[BlackElo "1797"]
[PlyCount "80"]
[EventDate "2011.10.22"]

1. d4 d6 2. c4 e5 3. d5 f5 4. Nc3 Nf6 5. Bg5 Be7 6. Bxf6 Bxf6 7. e4 O-O 8. h3
a5 9. Bd3 Na6 10. Nf3 Nc5 11. Bc2 Bd7 12. O-O f4 13. Rb1 g5 14. Nh2 Qe8 15. b4
axb4 16. Rxb4 Qg6 17. f3 Rf7 18. Ba4 Bc8 19. Be8 h5 20. a4 Kf8 21. Bxf7 Kxf7
22. Qe2 Bd7 23. Nb5 Na6 24. Rbb1 Rg8 25. c5 dxc5 26. d6 c6 27. Nc7 Nb4 28. Qc4+
Kf8 29. Ne6+ Ke8 30. Rfd1 g4 31. hxg4 Bd8 32. Nc7+ Kf8 33. Rb2 hxg4 34. fxg4
Rh8 35. g3 fxg3 36. Rf1+ Kg7 37. Nf3 Qh6 38. Qf7+ Kxf7 39. Nxe5+ Kg8 40. Kg2
Qh3+ 0-1

[Event "XXXIII Festival A"]
[Site "Arco ITA"]
[Date "2011.10.23"]
[Round "2"]
[White "Giaracuni, Claudio"]
[Black "Tencheni, Maurizio"]
[Result "1/2-1/2"]
[WhiteElo "1830"]
[BlackElo "1647"]
[PlyCount "118"]
[EventDate "2011.10.22"]

1. d4 Nf6 2. Nf3 g6 3. Bf4 d6 4. e3 Bg7 5. Be2 O-O 6. c4 c5 7. Nc3 Nc6 8. O-O
Bf5 9. Nh4 Bd7 10. d5 Ne5 11. h3 Bc8 12. Nf3 Nxf3+ 13. Bxf3 a6 14. e4 Nd7 15.
Bg4 Ne5 16. Bxc8 Rxc8 17. Bxe5 Bxe5 18. f4 Bd4+ 19. Kh1 Qa5 20. Qb3 Rb8 21. a4
Rfe8 22. Rf3 Rec8 23. Raf1 b5 24. axb5 Bxc3 25. Qxc3 Qxc3 26. bxc3 axb5 27.
cxb5 Rxb5 28. g4 Rcb8 29. R1f2 Rb1+ 30. Kg2 Re1 31. e5 Rbb1 32. Kg3 dxe5 33.
fxe5 Rxe5 34. Rxf7 g5 35. Rf8+ Kg7 36. d6 Rb7 37. R2f7+ Kg6 38. Rxe7 Rbxe7 39.
dxe7 Rxe7 40. Kf3 Rf7+ 41. Rxf7 Kxf7 42. Kg3 Ke6 43. h4 Kd5 44. hxg5 Kc4 45.
Kh4 Kxc3 46. Kh5 c4 47. Kh6 Kd4 48. Kxh7 c3 49. g6 c2 50. g7 c1=Q 51. g8=Q Qh1+
52. Kg7 Qh3 53. Qd8+ Ke4 54. g5 Qc3+ 55. Qf6 Qc7+ 56. Kg6 Qd7 57. Qf7 Qd6+ 58.
Kh7 Qh2+ 59. Kg8 Qb8+ 1/2-1/2

[Event "XXXIII Festival A"]
[Site "Arco ITA"]
[Date "2011.10.23"]
[Round "2"]
[White "Goli, Daniele"]
[Black "Huemmer, Bernd"]
[Result "1/2-1/2"]
[WhiteElo "1941"]
[BlackElo "2218"]
[PlyCount "67"]
[EventDate "2011.10.22"]

1. e4 Nf6 2. e5 Nd5 3. Nf3 d6 4. d4 Nb6 5. Be2 g6 6. Nc3 Bg7 7. Bf4 Nc6 8. h3
O-O 9. O-O dxe5 10. dxe5 Qxd1 11. Raxd1 Bf5 12. Bd3 Bxd3 13. Rxd3 Nd8 14. b3
Ne6 15. Be3 Rfd8 16. Rfd1 Rxd3 17. Rxd3 Kf8 18. Ne4 Ke8 19. Neg5 Nxg5 20. Bxg5
Rd8 21. Rxd8+ Kxd8 22. Kf1 Kd7 23. Ke2 h6 24. Bf4 Nd5 25. Bd2 c5 26. Kd3 g5 27.
a3 b6 28. c4 Nc7 29. Ke4 Ke6 30. g4 f6 31. Bc3 Ne8 32. exf6 exf6 33. Ne1 Nd6+
34. Kd3 1/2-1/2

[Event "XXXIII Festival A"]
[Site "Arco ITA"]
[Date "2011.10.23"]
[Round "2"]
[White "Hocke, Sebastian"]
[Black "Sparber, Werner"]
[Result "1-0"]
[WhiteElo "1904"]
[BlackElo "1788"]
[PlyCount "67"]
[EventDate "2011.10.22"]

1. e4 e5 2. Nf3 Nc6 3. Bc4 Be7 4. d3 Nf6 5. c3 O-O 6. Nbd2 a6 7. Bb3 d6 8. Qe2
Nh5 9. Nf1 Nf4 10. Bxf4 exf4 11. g3 fxg3 12. hxg3 Bg4 13. Ne3 Qd7 14. O-O-O Bg5
15. Kb1 Na5 16. Bc2 b5 17. Nxg4 Qxg4 18. d4 g6 19. Qd3 Nc4 20. Nxg5 Qxg5 21. f4
Qe7 22. Rh6 Kg7 23. Rdh1 Rh8 24. Qe2 f5 25. Qh2 fxe4 26. Rxh7+ Rxh7 27. Qxh7+
Kf6 28. Qh4+ Ke6 29. Qg4+ Kd5 30. Qxg6 Kc6 31. Bxe4+ Kb6 32. Bxa8 Qe3 33. Ka1
a5 34. Qe4 1-0

[Event "XXXIII Festival A"]
[Site "Arco ITA"]
[Date "2011.10.23"]
[Round "2"]
[White "Iacchetti, Giovanni"]
[Black "Falasca, Valerio"]
[Result "1/2-1/2"]
[WhiteElo "1814"]
[BlackElo "1593"]
[PlyCount "20"]
[EventDate "2011.10.22"]

1. c4 c5 2. Nf3 g6 3. g3 Bg7 4. Bg2 Nc6 5. Nc3 Nf6 6. O-O O-O 7. d3 d6 8. Rb1
Bd7 9. a3 Qc8 10. Re1 Bh3 1/2-1/2

[Event "XXXIII Festival A"]
[Site "Arco ITA"]
[Date "2011.10.23"]
[Round "2"]
[White "Kasparov, Sergey"]
[Black "Giancotti, Eraldo"]
[Result "1-0"]
[WhiteElo "2521"]
[BlackElo "2073"]
[PlyCount "69"]
[EventDate "2011.10.22"]

1. e4 d6 2. d4 Nf6 3. f3 g6 4. Be3 Nbd7 5. c4 Bg7 6. Nc3 O-O 7. Qd2 c6 8. Bd3
e5 9. d5 cxd5 10. cxd5 a6 11. Nge2 Nh5 12. O-O Qe8 13. g4 Nhf6 14. Ng3 Nc5 15.
Be2 Kh8 16. b4 Na4 17. Nxa4 Qxa4 18. Rfc1 Ng8 19. Rc7 Qe8 20. Bd3 Qd8 21. Rac1
Qh4 22. R1c2 Bh6 23. g5 Bg7 24. Bf2 Qf4 25. Be3 Qh4 26. Qc1 Bh3 27. Rxb7 h6 28.
Rcc7 Bc8 29. Rb6 f5 30. Rxg7 Kxg7 31. gxh6+ Kf6 32. Rxd6+ Ke7 33. Bg5+ Qxg5 34.
Qxg5+ Kxd6 35. h7 1-0

[Event "XXXIII Festival A"]
[Site "Arco ITA"]
[Date "2011.10.23"]
[Round "2"]
[White "Kern, Beat"]
[Black "Helbig, Dieter"]
[Result "0-1"]
[WhiteElo "1691"]
[BlackElo "1877"]
[PlyCount "48"]
[EventDate "2011.10.22"]

1. Nf3 c5 2. c4 g6 3. Nc3 Bg7 4. g3 Nc6 5. Bg2 Nf6 6. O-O O-O 7. d3 h6 8. Rb1
d6 9. a3 a5 10. Bd2 Bd7 11. e4 Ng4 12. h3 Nge5 13. Be3 Nxf3+ 14. Qxf3 Rb8 15.
Qd1 Nd4 16. Ne2 b5 17. Nxd4 cxd4 18. Bc1 bxc4 19. dxc4 Qc8 20. Qd3 Bxh3 21. b4
Be6 22. Qc2 axb4 23. axb4 Bxc4 24. Rd1 Qe6 0-1